Élő olimpia /

Uložené v:
Podrobná bibliografia
Hlavný autor: Zamarovský, Vojtěch, 1919-2006 (Author)
Médium: Kniha
Jazyk:Hungarian
Slovak
Vydané: Bratislava : Madách, 1984.
Vydanie:1. magyar nyelvű kiadás
ISBN: (viaz.)
Fyzický popis: 311 s.
Tagy: Pridať tag
Žiadne tagy, Buďte prvý kto otaguje tento záznam!

MARC

LEADER 00000nam a22000001a 4500
001 000543749
005 20170604130855.0
008 040615s1984 xo e 0 0 0 hun d
020 |a (viaz.)  |c Kčs 44,00 
040 |a SVKKK  |b slo  |c SVKKK  |e AACR2 
041 1 |a hun  |h slo 
044 |a xo  |c SK 
100 1 |a Zamarovský, Vojtěch,  |d 1919-2006  |4 aut 
245 1 0 |a Élő olimpia /  |c Vojtech Zamarovský ; a mű eredeti (szlovák) címe Vzkriesenie Olympie fordította Hideghéty Erzsébet ; il. Otakar Pok. 
250 |a 1. magyar nyelvű kiadás 
260 |a Bratislava :  |b Madách,  |c 1984. 
300 |a 311 s. 
500 |a Spoluvyd. Móra Ferenc Ifjúsági Könyvkiadó, Budapešť 
546 |a Preklad zo slov. do maď. 
910 |a svkkk 
998 |a BK 
090 |g SCKHL  |k Sklad Pribinova 1. posch.  |a IV.122994  |j 700842  |i 543749-10  |s Povinný výt.